Flujo de fondos, estados contables proyectados y acceso al credito bancario de pymes (Registro nro. 1285)

Detalles MARC
000 -LEADER
fixed length control field 01728 a2200217 4500
001 - CONTROL NUMBER
control field 25100
005 - DATE AND TIME OF LATEST TRANSACTION
control field 20260407155534.0
008 - FIXED-LENGTH DATA ELEMENTS--GENERAL INFORMATION
fixed length control field 260407a1998 arg spa d
003 - CONTROL NUMBER IDENTIFIER
control field AR-UNSa-BCEJYS
040 ## - CATALOGING SOURCE
Original cataloging agency AR-UNSa-BCEJYS
Language of cataloging spa
Transcribing agency AR-UNSa-BCEJYS
080 ## - UNIVERSAL DECIMAL CLASSIFICATION NUMBER
Universal Decimal Classification number 657.3
Common auxiliary subdivision Presupuestos. Cierre de Cuentas. Balances (Estados Contables)
020 ## - INTERNATIONAL STANDARD BOOK NUMBER
International Standard Book Number 978-950-866-017-6
100 1# - MAIN ENTRY--PERSONAL NAME
Personal name Senderovich, Isaac Aizik
245 10 - TITLE STATEMENT
Title Flujo de fondos, estados contables proyectados y acceso al credito bancario de pymes
264 #1 - PRODUCTION, PUBLICATION, DISTRIBUTION, MANUFACTURE, AND COPYRIGHT NOTICE
Place of production, publication, distribution, manufacture Buenos Aires :
Name of producer, publisher, distributor, manufacturer Reisa
Date of production, publication, distribution, manufacture, or copyright notice 1998
300 ## - PHYSICAL DESCRIPTION
Extent 456 p.
Dimensions 23 cm.
505 ## - FORMATTED CONTENTS NOTE
Formatted contents note 1. Modelo general de la obra - 2. Supuestos básicos y enfoque de estudio - 3. Metodología de proyección económica - 4. Metodología de proyección del flujo de fondos - 5. Metodología de proyección del balance general - 6. Evaluación general del negocio - 7. Sensibilidad a variables macro y microeconómicos - 8. Topología de la empresa y su mercado - 9. El producto bruto nacional y la interrelación de las cuentas nacionales - 10. Ahorro, inversión y tasa de interés - 11. Equilibrio macroecoómico, dirección de la economía, y problemática de la vinculación internacional - 12. Ley de convertibilidad, apertura de la economía y proyección de escenarios macroeconómicos - 13. Proyección económica - 14. Flujo de fondos proyectados - 15. Balance proyectados - 16. Sistema de información - 17. Mercado y competencia - 18. Fortaleza financiera - 19. Gerenciamiento de empresa - 20. Solidez económica - 21. Flujo de fondos.Enfoque del analista bancario de créditos - 22. Flujo de fondos y cumplimiento con bancos.
590 ## - LOCAL NOTE (RLIN)
Local note niveau_biblio:m niveau_hierar:0
700 1# - ADDED ENTRY--PERSONAL NAME
Personal name Senderovich, Pablo David
942 ## - ADDED ENTRY ELEMENTS (KOHA)
Koha item type
Existencias
Withdrawn status Lost status Damaged status Not for loan Home library Current library Shelving location Date acquired Total checkouts Full call number Barcode Date last seen Price effective from Koha item type
        Biblioteca Prof. Eusebio Cleto del Rey Biblioteca Prof. Eusebio Cleto del Rey   07/04/2026   657.3 S475f L85270 07/04/2026 07/04/2026 Libro
        Biblioteca Prof. Eusebio Cleto del Rey Biblioteca Prof. Eusebio Cleto del Rey   07/04/2026   657.3 S475f L85266 07/04/2026 07/04/2026 Libro
        Biblioteca Prof. Eusebio Cleto del Rey Biblioteca Prof. Eusebio Cleto del Rey   07/04/2026   657.3 S475f L85267 07/04/2026 07/04/2026 Libro
        Biblioteca Prof. Eusebio Cleto del Rey Biblioteca Prof. Eusebio Cleto del Rey   07/04/2026   657.3 S475f L85268 07/04/2026 07/04/2026 Libro
        Biblioteca Prof. Eusebio Cleto del Rey Biblioteca Prof. Eusebio Cleto del Rey   07/04/2026   657.3 S475f L85269 07/04/2026 07/04/2026 Libro